|
|
|
|
| LEADER |
00000nam a2200000Ia 4500 |
| 008 |
170327b2009 cr ||||| |||| 00| | spa d |
| 999 |
|
|
|c 675
|d 675
|
| 020 |
|
|
|a 9789968818896
|
| 090 |
|
|
|a 06.03.06
|b 423
|
| 100 |
1 |
|
|a Us Soc, Pedro
|9 2491
|
| 245 |
1 |
0 |
|a Conocer la realidad para transformar el futuro: la investigación como herramienta para mejorar la calidad de la labor docente /
|c Pedro Us Soc
|
| 250 |
|
|
|a 1 edición
|
| 260 |
|
|
|a Costa Rica :
|b Coordinación Educativa y Cultural Centroamericana CECC/SICA,
|c 2009
|
| 300 |
|
|
|a 146 páginas
|
| 490 |
|
|
|a Colección Pedagógica Formación Inicial de Docentes Centroamericanos de Educación Primaria o Básica
|v 40
|
| 650 |
1 |
4 |
|a EDUCACIÓN
|9 1
|
| 650 |
1 |
4 |
|a INVESTIGACIÓN
|9 163
|
| 650 |
1 |
4 |
|a MÉTODO DE APRENDIZAJE
|9 2634
|
| 942 |
|
|
|i 002925
|h 06.03.06 423
|2 z
|c 01
|